La Odisea
Furkejuvvon:
| Váldodahkki: | |
|---|---|
| Materiálatiipa: | Girji |
| Giella: | espánnjágiella |
| Almmustuhtton: |
Santiago
Zig-Zag
2005
|
| Preanttus: | 31a. ed |
| Ráidu: | Colección Viento Joven. Serie Hazañas
|
| Fáttát: | |
| Fáddágilkorat: |
Lasit fáddágilkoriid
Eai fáddágilkorat, Lasit vuosttaš fáddágilkora!
|
MARC
| LEADER | 00000nam a2200000 a 4500 | ||
|---|---|---|---|
| 001 | UCH8429 | ||
| 003 | CL-VaPUC | ||
| 008 | 091127e20050000CL |||||||||||||||||spa|d | ||
| 020 | |a 9561211572 | ||
| 082 | 0 | 4 | |a 883 |b HOM |2 21 |
| 100 | |a Homero |e autor |9 265577 | ||
| 245 | 1 | 3 | |a La Odisea |
| 250 | |a 31a. ed | ||
| 300 | |a 185 p | ||
| 942 | |c BK | ||
| 945 | |d 20091127 00:00:00 | ||
| 260 | |a Santiago |b Zig-Zag |c 2005 | ||
| 650 | 7 | |a POESIAS EPICAS GRIEGAS |2 CL-VaPUC |9 265677 | |
| 650 | 7 | |a LITERATURA GRIEGA |2 CL-VaPUC |9 258054 | |
| 583 | |a last modification |c 20091127 00:00:00 |k Rodrigo Vera | ||
| 490 | 0 | |a Colección Viento Joven. Serie Hazañas | |
| 999 | |c 338643 |d 338641 | ||